Una solución pacífica a la agitación obrera y el derecho al trabajo / (Record no. 162848)

MARC details
000 -LEADER
campo de control de longitud fija 00808nam a22002055i 4500
001 - NÚMERO DE CONTROL
campo de control 162848
003 - IDENTIFICADOR DE NÚMERO DE CONTROL
campo de control ES-MaACL
005 - FECHA Y HORA DE LA ÚLTIMA TRANSACCIÓN
campo de control 20251012063055.0
008 - DATOS DE LONGITUD FIJA--INFORMACIÓN GENERAL
campo de control de longitud fija 050704s1868 sp |||| | spa d
080 ## - NÚMERO DE LA CLASIFICACIÓN DECIMAL UNIVERSAL
Número de la Clasificación Decimal Universal 327.32
100 1# - ENTRADA PRINCIPAL--NOMBRE DE PERSONA
Nombre de persona Quiroga y Rodriguez, Francisco,
Fechas asociadas al nombre 1853-1894
9 (RLIN) 131533
245 14 - MENCIÓN DEL TÍTULO
Título Una solución pacífica a la agitación obrera y el derecho al trabajo /
Mención de responsabilidad, etc. [Francisco Quiroga y Rodríguez].
260 ## - PUBLICACIÓN, DISTRIBUCIÓN, ETC.
Lugar de publicación, distribución, etc. Madrid :
Nombre del editor, distribuidor, etc. [s.n.,
Fecha de publicación, distribución, etc. 1868] (
Fabricante Imp. a cargo de Diego Valero)
300 ## - DESCRIPCIÓN FÍSICA
Extensión 8 p. ;
Dimensiones 22 cm.
594 ## - Nota al título y mención de responsabilidad
Nota al título y mención de responsabilidad El autor consta a fin de texto.
596 ## - NOTA AL PIE DE IMPRENTA
NOTA AL PIE DE IMPRENTA Texto fechado en Madrid, 7 de diciembre de 1868.
650 #7 - PUNTO DE ACCESO ADICIONAL DE MATERIA--TÉRMINO DE MATERIA
Término de materia o nombre geográfico como elemento de entrada Movimiento obrero
Fuente del encabezamiento o término embne
9 (RLIN) 15207
852 4# - LOCALIZACIÓN
Ubicación ES-MaACL
Número de control de estantería T-93-F-8
Nota libre - Enc. hol., falto de cub. original
-- - Enc. en un vol. facticio
Holdings
Estatus retirado Estado de pérdida Estado de daño No para préstamo Colección Biblioteca de origen Biblioteca actual Ubicación en estantería Fecha de adquisición Total de préstamos Signatura topográfica completa Código de barras Visto por última vez Precio de reemplazo Tipo de ítem Koha
        Colección de folletos Biblioteca del Ateneo de Madrid Biblioteca del Ateneo de Madrid Depósito folletos 17/01/2008   T-93-F-8 1170621 23/02/2023 23/02/2023 Folleto